Text book on sports statistics (Record no. 394112)

MARC details
000 -LEADER
fixed length control field 00527 a2200205 4500
005 - DATE & TIME
control field 20260202162328.0
008 - FIXED-LENGTH DATA ELEMENTS--GENERAL INFORMATION
fixed length control field 260202b |||||||| |||| 00| 0 eng d
020 ## - ISBN
International Standard Book Number 9788178794146
Price Rs. 950.00
040 ## - CATALOGING SOURCE
Original cataloging agency VIVEKANANDA LIBRARY
082 ## - DDC NUMBER
Classification number 796.01
Book Number V59T
100 ## - MAIN ENTRY--PERSONAL NAME
Personal name Verma, J P
110 ## - MAIN ENTRY--CORPORATE NAME
Corporate name Verma, Parkash J
245 ## - TITLE STATEMENT
Title Text book on sports statistics
260 ## - PUBLICATION, DISTRIBUTION, ETC. (IMPRINT)
Name of publisher, distributor, etc Sports Publication
Date of publication, distribution, etc 2025
Place of publication, distribution, etc New Delhi
300 ## - PHYSICAL DESCRIPTION
Pages xiii, 382
650 ## - Subject
Subject Physical Education
650 ## - Subject
Subject Sports Statistics
650 ## - Subject
Subject Sports
942 ## - ADDED ENTRY ELEMENTS (KOHA)
Koha item type Books
Holdings
Withdrawn status Lost status Source of classification or shelving scheme Damaged status Not for loan Location (home branch) Sublocation or collection (holding branch) Shelving location Date acquired Koha issues (times borrowed) Koha full call number Accession No. Koha date last seen Koha item type
    Dewey Decimal Classification     VIVEKANANDA LIBRARY VIVEKANANDA LIBRARY Vivekananda Library 05/01/2026   796.01 V59T 444224 05/01/2026 Books
© Designed and Maintained by Vivekananda Library, MDU Rohtak